CPD Module 3 (Record no. 83957)

MARC details
000 -LEADER
fixed length control field 01104cab a22002175a 4500
001 - CONTROL NUMBER
control field L156147
008 - FIXED-LENGTH DATA ELEMENTS--GENERAL INFORMATION
fixed length control field 120501e2012 xxk 000 0 eng d
035 ## - SYSTEM CONTROL NUMBER
System control number (Sirsi) u156147
041 0# - LANGUAGE CODE
Language code of text/sound track or separate title eng
100 1# - MAIN ENTRY--PERSONAL NAME
Personal name Russell, Henry
245 00 - TITLE STATEMENT
Title CPD Module 3
Remainder of title heritage and 2012 planning reforms
260 ## - PUBLICATION, DISTRIBUTION, ETC.
Date of publication, distribution, etc. 2012
490 #0 - SERIES STATEMENT
Series statement Property Week
Volume/sequential designation 78(17) 27 April 2012, 84-86(3)
520 ## - SUMMARY, ETC.
Summary, etc. Third in a series of CPD modules designed by the College of Estate Management (see L155503, L155464 for first two modules) covers the 2012 planning reforms and the heritage lobby. Describes the background to the planning reform agenda, the policies involved, and the National Planning Policy Framework 2012 (NPPF) (see L155661). Examines what the NPPF means for the countryside, and for historic buildings. Discusses historic buildings and the Localism Act 2011 (see L154405). Questions to be answered to pass the module.
590 ## - LOCAL NOTE (RLIN)
Local note KA
650 24 - SUBJECT ADDED ENTRY--TOPICAL TERM
Topical term or geographic name entry element NATIONAL PLANNING POLICY FRAMEWORK 2012
650 24 - SUBJECT ADDED ENTRY--TOPICAL TERM
Topical term or geographic name entry element LOCALISM ACT 2011
651 #4 - SUBJECT ADDED ENTRY--GEOGRAPHIC NAME
Geographic name United Kingdom
690 ## - LOCAL SUBJECT ADDED ENTRY--TOPICAL TERM (OCLC, RLIN)
Topical term or geographic name as entry element Planning and development
9 (RLIN) 6259
942 ## - ADDED ENTRY ELEMENTS (KOHA)
Suppress in OPAC 0
Holdings
Withdrawn status Lost status Source of classification or shelving scheme Damaged status Not for loan Home library Current library Shelving location Date acquired Total Checkouts Full call number Barcode Date last seen Price effective from Koha item type
    Dewey Decimal Classification     London London Journal article 01/05/2012   L156147 156147-1001 06/08/2019 06/08/2019 Journal